Introducción a la investigación educativa. Instrucción programada

Պահպանված է:
Մատենագիտական մանրամասներ
Հիմնական հեղինակ: Hernández B, Pablo
Ձևաչափ: Տեքստ
Հրապարակվել է: San José: Centro Multinacional de Investigación Educativa
Խորագրեր:
Ցուցիչներ: Ավելացրեք ցուցիչ
Չկան պիտակներ, Եղեք առաջինը, ով նշում է այս գրառումը!

MARC

LEADER 00000 a a2200000 04500
001 15705
003
040
090 |a 013800  
100 |a Hernández B, Pablo  
245 |a Introducción a la investigación educativa. Instrucción programada  
260 |a San José:   |b Centro Multinacional de Investigación Educativa  
300 |a 8; 97 p.  
650 |a INVESTIGACION EDUCATIVA  
999 |c 16903  |d 16903